|
|
|
|
| LEADER |
00000nam a2200000 a 4500 |
| 001 |
vtls008381625 |
| 003 |
SK-MaSNL |
| 005 |
20260302041648.0 |
| 008 |
230403s1948 xo d f 010 0 slo |
| 015 |
|
|
|a SNBA19451955-006278
|
| 020 |
|
|
|a (brož.)
|
| 035 |
|
|
|a SK01SNKBKSFS20010073842
|
| 035 |
|
|
|a urn:nbn:sk:snk-am3hfwx
|
| 035 |
|
|
|a 04BE7D7D-CCA2-47F9-BA79-817F2BB2FC19
|
| 035 |
|
|
|a urn:nbn:sk:snk-am00cyx1
|
| 035 |
|
|
|a SKM000076305
|
| 040 |
|
|
|a SNK
|b slo
|c SNK
|e AACR2
|
| 041 |
1 |
|
|a slo
|h rus
|
| 043 |
|
|
|a e-ur---
|
| 044 |
|
|
|a xo
|c SK
|
| 080 |
|
|
|a 368(47+57)
|2 1981
|
| 080 |
|
|
|a 338.2
|2 2011
|
| 080 |
|
|
|a 330.5+338
|2 2011
|
| 080 |
|
|
|a (47+57)
|2 2011
|
| 080 |
|
|
|a (048.8)
|2 2011
|
| 100 |
1 |
|
|a Kurskij, Aleksandr
|4 aut
|9 395588
|
| 245 |
1 |
0 |
|a Socialistické plánovanie národného hospodárstva v SSSR
|c Alexander Kurskij ; [preložil Ivan Kuhn]
|
| 250 |
|
|
|a 1. vyd.
|
| 260 |
|
|
|a Bratislava
|b ŠPŠÚ
|c 1948
|e Bratislava
|f Pravda
|
| 300 |
|
|
|a 147, [2] s.
|b tab.
|c 15 cm
|
| 366 |
|
|
|e 2000 výt.
|
| 490 |
1 |
|
|a Publikácie ŠPŠÚ
|v sv. 6
|
| 500 |
|
|
|a Preložené z ruštiny
|
| 650 |
0 |
7 |
|a hospodárska politika
|2 SNKPH
|9 2279
|
| 650 |
0 |
7 |
|a Economic policy
|2 SNKPHeng
|9 268361
|
| 650 |
0 |
7 |
|a národné hospodárstvo
|2 SNKPH
|9 846
|
| 650 |
0 |
7 |
|a National economy
|2 SNKPHeng
|9 267613
|
| 651 |
|
7 |
|a Sovietsky zväz
|2 SNKPHgeo
|9 22126
|
| 651 |
|
7 |
|a Soviet Union
|2 SNKPHeng
|9 277091
|
| 655 |
|
7 |
|a štúdie
|2 SNKPH
|9 57033
|
| 655 |
|
7 |
|a Studies
|2 SNKPHeng
|9 265573
|
| 700 |
1 |
|
|a Kuhn, Ivan,
|d 1918-1990
|4 trl
|9 101409
|
| 830 |
|
0 |
|a Publikácie ŠPŠÚ
|9 693490
|
| 852 |
|
|
|a Slovenská národná knižnica
|
| 954 |
|
|
|a odborná, vedecká literatúra cudzojazyčná (svetová)
|2 lita
|
| 958 |
|
|
|a OND
|
| 958 |
|
|
|a RK
|
| 958 |
|
|
|a TL
|
| 958 |
|
|
|a RU
|
| 958 |
|
|
|a OP
|
| 958 |
|
|
|a EUIPO
|
| 968 |
|
|
|a SLO
|b RUS
|
| 999 |
|
|
|c 1079721
|d 1081651
|
| 952 |
|
|
|a SNK
|b SNK
|y PREZ
|7 0
|p 17A0732626
|o snkSE 799/6
|i snk4954/48
|0 0
|1 0
|4 0
|d 2017-08-17
|f 1
|l 0
|r 2026-02-24 16:22:02
|w 2026-02-24
|
| 952 |
|
|
|a SNK
|b SNK
|y VYP
|7 0
|p 17A1152427
|o snkSE 799/6 D1
|i snkKSF 485/57
|8 5
|0 0
|1 0
|4 0
|d 2017-08-24
|l 0
|r 2026-02-24 16:22:02
|w 2026-02-24
|